00432nam a2200157Ia 4500008004100000040001900041041001200060082002600072100002000098245005000118260002500168300002200193504002500215650001400240850002000254131103s9999 xx 000 0 und d aLoreto College aEnglish a371.9/HUGbLCBED/1378 aHughes, John M. 4aThe slow learner in your classcJohn M.Hughes aLondonbNelsonc1973 avi,170p. c 22cm. aNelson teacher texts aEducation aLCBED/371.9/HUG